000 01148cam a22002891i 4500
003 SA_RiAUC
005 20251230084633.0
008 251227s2012____su g 000 0 ara c
020 _a9786038086384
040 _aSA-RiKAPL
_bara
_cSA-RiAUC
_erda
041 1 _aara
_hund
082 0 4 _a189.1
090 _a189.1
_bف و ي
100 1 _aلومبا فوينتيس، خواكين،
_d1932-
_eمؤلف.
245 1 2 _aالإسهام الإسلامي في التجديد الفلسفي للقرن الثاني عشر /
_cخواكين لومبا فوينتيس ؛ ترجمة محمد بلال أشمل.
250 _aالطبعة الأولى.
264 1 _aالرياض :
_bالمجلة العربية،
_c2012
300 _a144 صفحة ؛
_c24 سم.
336 _aنص
_btxt
_2rdacontent
_3كتاب
337 _aبدون وسيط
_bn
_2rdamedia
338 _aمجلد
_bnc
_2rdacarrier
490 0 _aسلسلة كتاب المجلد العربية ؛
_v184
650 7 _aالفلسفة الإسلامية
_2aucsh
700 1 _aأشمل، محمد بلال
_eمترجم.
942 _2ddc
_cBOOK
_n0
949 _aSA-JeALM
_d251227
_umohamedma123
_n1
999 _c13835
_d13835